000 00488nam a2200145Ia 4500
008 210716s2004 xx 000 0 und d
020 _a8129705958
041 _aeng
082 _a006.34 KECV
100 _aKecman, Vojislav.
245 _alearning and soft computing: support vector machines neural networks and fuzzy logic models.
_bSupport vector machines neural networks and fuzzy logic models.
250 _a1
260 _aNew Delhi
_bPearson Education
_c2004
300 _axxxii,541
999 _c187667
_d187667